Personnages de One Piece ayant mangé un fruit du démon - Statistiques

Statistiques générales
  • Ce quiz a été pris 534 fois
    480 depuis la dernière actualisation
  • Le résultat moyen est 21 sur 70
Answers on the Grid
Answers color-coded by a green-red scale on the quiz's grid according to % correct below.
Alber (King)
Aramaki Ryokugyu
Arlong
Baggy
Bartholomew Kuma
Basil Hawkins
Bastille
Bellamy
Belo Betty
Benn Beckman
Bepo
Black Maria
Blueno
Boa Hancock
Boa Sandersonia
Borsalino Kizaru
Brook
Caribou
Carrot
Cavendish
Charlotte Amande
Charlotte Flampe
Charlotte Galette
Charlotte Laura
Charlotte Newshi
Charlotte Pudding
Charlotte Raisin
Chinjao
Coribou
Crocodile
Crocus
Denjiro
Donquixote Doflamingo
Dracule Mihawk
Drug Peclo
Elizabello II
Emporio Ivankov
Ener
Eustass Kid
Figarland Shanks
Franky
Fukaboshi
Fukuro
Fukurokuju
Galdino (Mr.3)
Gedatsu
Gem (Mr.5)
Guernika
Gunko
Gyro
Haguar D. Sauro
Hajrudin
Hannyabal
Hatcha
Hina
Hody Jones
Hyogoro
Ideo
Issho Fujitora
Izō
Jack
Jesus Burgess
Jewelry Bonney
Jinbe
Joz
Karasu
Karma
Kawamatsu
Kelly Funk
Kikunojo
Kinemon
Koala
Koby
Kozuki Momonosuke
Kozuki Oden
Kujaku
Kumadori
Kurozumi Otama
Kurozumi Semimaru
Kuzan Aokiji
Kyros
Lao G
Lilith
Magellan
Mansherry
Marco
Marianne (Miss Goldenweek)
Marshall D. Teach
Momonga
Monkey D. Garp
Monkey D. Luffy
Mont Blanc Norland
Morgans
Morley
Nami
Nefertari D. Vivi
Nekomamushi
Nico Robin
Onimaru
Orlumbus
Pauly
Pedro
Pekoms
Pierre
Pomsky
Raizo
Randolph
Riku Viola
Rob Lucci
Roronoa Zoro
Sai
Sakazuki Akainu
Sanjuan Wolf
Sasaki
Scien (Queen)
Scopper Gaban
Sentomaru
Shimotsuki Ryuma
Shinobu
Shû
Smoker
Stronger
Stussy
Tashigi
Tony Tony Chopper
Usopp
Van Augur
Vander Decken IX
Vegapunk
Vergo
Vinsmoke Ichiji
Vinsmoke Sanji
Vista
Wadatsumi
Wanze
Wapol
Wiper
X. Drake
Yamato
Yarle
 
Statistiques - réponses
Réponse % Correct
Baggy
46%
Rob Lucci
44%
Smoker
44%
Marco
43%
Bellamy
42%
Tony Tony Chopper
42%
Brook
41%
Caribou
41%
Magellan
41%
Nico Robin
41%
Boa Hancock
40%
Kuzan Aokiji
40%
Marshall D. Teach
39%
Sakazuki Akainu
39%
Crocodile
38%
Donquixote Doflamingo
38%
Emporio Ivankov
38%
Ener
38%
Eustass Kid
38%
X. Drake
38%
Borsalino Kizaru
37%
Galdino (Mr.3)
37%
Gem (Mr.5)
37%
Scien (Queen)
37%
Bartholomew Kuma
36%
Monkey D. Luffy
36%
Jewelry Bonney
35%
Yamato
35%
Jack
34%
Kinemon
34%
Aramaki Ryokugyu
33%
Basil Hawkins
33%
Vander Decken IX
33%
Wapol
33%
Blueno
32%
Boa Sandersonia
32%
Charlotte Pudding
32%
Joz
32%
Issho Fujitora
31%
Van Augur
31%
Alber (King)
29%
Jesus Burgess
29%
Kozuki Momonosuke
29%
Riku Viola
29%
Black Maria
28%
Vegapunk
28%
Hina
26%
Pekoms
26%
Kurozumi Otama
25%
Morley
25%
Sanjuan Wolf
25%
Karasu
24%
Sasaki
24%
Stronger
23%
Raizo
22%
Mansherry
21%
Morgans
21%
Belo Betty
20%
Shinobu
20%
Stussy
20%
Kurozumi Semimaru
18%
Pierre
18%
Shû
17%
Kelly Funk
16%
Charlotte Galette
14%
Charlotte Newshi
14%
Onimaru
14%
Gunko
13%
Kujaku
13%
Pomsky
5%
Aucun quiz correspondant
Distribution des résultats
% des personnes avec chaque résultat
Percentile par nombre de réponses
Votre historique - résultats
Vous n’avez pas pris ce quiz depuis la dernière actualisation